000 00440nam a2200133 4500
999 _c14304
_d14304
008 190910b ||||| |||| 00| 0 eng d
082 _aDPer 050 T48 Apr-June 2016 v. 187 n. 12-24
100 _939498
_aBegley, Sarah.
245 _aAmerican slaves emancipated themselves/
_cManisha Sinha.
260 _aHong Kong:
_bTime Asia,
_cc2016.
300 _av187 n24, page 17:
_billustrations;
_c27 cm.
650 _aSlavery.
_940185
942 _2ddc
_cPER